<?xml version="1.0" encoding="UTF-8"?>
<record
    xmlns:xsi="http://www.w3.org/2001/XMLSchema-instance"
    xsi:schemaLocation="http://www.loc.gov/MARC21/slim http://www.loc.gov/standards/marcxml/schema/MARC21slim.xsd"
    xmlns="http://www.loc.gov/MARC21/slim">

  <leader>00393nam a22001697a 4500</leader>
  <controlfield tag="005">20180206125405.0</controlfield>
  <controlfield tag="008">160624b        xxu||||| |||| 00| 0 eng d</controlfield>
  <datafield tag="020" ind1=" " ind2=" ">
    <subfield code="a">81-7656-000-6</subfield>
  </datafield>
  <datafield tag="041" ind1=" " ind2=" ">
    <subfield code="a">eng</subfield>
  </datafield>
  <datafield tag="082" ind1=" " ind2=" ">
    <subfield code="b">9524</subfield>
    <subfield code="a">005.3</subfield>
  </datafield>
  <datafield tag="100" ind1=" " ind2=" ">
    <subfield code="a">Hill, Steve</subfield>
    <subfield code="9">2655</subfield>
  </datafield>
  <datafield tag="245" ind1=" " ind2=" ">
    <subfield code="a">Office 97</subfield>
  </datafield>
  <datafield tag="260" ind1=" " ind2=" ">
    <subfield code="b">BPB</subfield>
    <subfield code="c">1998</subfield>
    <subfield code="a">new delhi</subfield>
  </datafield>
  <datafield tag="300" ind1=" " ind2=" ">
    <subfield code="a">152</subfield>
  </datafield>
  <datafield tag="650" ind1=" " ind2=" ">
    <subfield code="a">Information Technology</subfield>
    <subfield code="9">137</subfield>
  </datafield>
  <datafield tag="942" ind1=" " ind2=" ">
    <subfield code="c">BK</subfield>
  </datafield>
  <datafield tag="999" ind1=" " ind2=" ">
    <subfield code="c">3826</subfield>
    <subfield code="d">3825</subfield>
  </datafield>
  <datafield tag="952" ind1=" " ind2=" ">
    <subfield code="0">0</subfield>
    <subfield code="1">0</subfield>
    <subfield code="4">0</subfield>
    <subfield code="7">0</subfield>
    <subfield code="8">CS/IT</subfield>
    <subfield code="a">JRU</subfield>
    <subfield code="b">JRU</subfield>
    <subfield code="c">SHELF-75-M</subfield>
    <subfield code="d">2016-06-24</subfield>
    <subfield code="g">54.00</subfield>
    <subfield code="l">0</subfield>
    <subfield code="o">9525</subfield>
    <subfield code="p">9524</subfield>
    <subfield code="r">2016-06-24 00:00:00</subfield>
    <subfield code="w">2016-06-24</subfield>
    <subfield code="y">BK</subfield>
  </datafield>
  <datafield tag="952" ind1=" " ind2=" ">
    <subfield code="0">0</subfield>
    <subfield code="1">0</subfield>
    <subfield code="4">0</subfield>
    <subfield code="7">0</subfield>
    <subfield code="8">CS/IT</subfield>
    <subfield code="a">JRU</subfield>
    <subfield code="b">JRU</subfield>
    <subfield code="c">SHELF-75-L</subfield>
    <subfield code="d">2016-06-24</subfield>
    <subfield code="g">54.00</subfield>
    <subfield code="l">0</subfield>
    <subfield code="o">9525</subfield>
    <subfield code="p">9525</subfield>
    <subfield code="r">2016-06-24 00:00:00</subfield>
    <subfield code="w">2016-06-24</subfield>
    <subfield code="y">BK</subfield>
  </datafield>
</record>
